[Event "European Rapid 2016"]
[Site "Tallinn EST"]
[Date "2016.12.15"]
[Round "5.20"]
[White "Castellanos Rodriguez, Renier"]
[Black "Munoz, Miguel"]
[Result "0-1"]
[WhiteTitle "IM"]
[BlackTitle "GM"]
[WhiteElo "2491"]
[BlackElo "2473"]
[WhiteFideId "3404650"]
[BlackFideId "3800229"]
[EventDate "2016.12.15"]

1. Nf3 c5 2. c4 Nc6 3. Nc3 g6 4. g3 Bg7 5. Bg2 e6 6. O-O Nge7 7. d4 cxd4 8. Nb5
Nf5 9. g4 a6 10. gxf5 axb5 11. cxb5 Ne5 12. Nxd4 gxf5 13. a4 O-O 14. Ra3 d5 15.
Rg3 Ng6 16. b3 e5 17. Nc2 f4 18. Rd3 d4 19. e3 Bf5 20. exd4 e4 21. Rc3 f3 22.
Bxf3 exf3 23. Qxf3 Nh4 24. Qxb7 Re8 25. Ne1 Be4 26. Qc7 Qxd4 27. Rg3 Ng6 28. Nf3
Qd5 29. Ng5 Be5 0-1

[Event "European Rapid 2016"]
[Site "Tallinn EST"]
[Date "2016.12.15"]
[Round "5.21"]
[White "Saric, Ivan"]
[Black "Sarana, Alexey"]
[Result "1-0"]
[WhiteTitle "GM"]
[BlackTitle "IM"]
[WhiteElo "2652"]
[BlackElo "2457"]
[WhiteFideId "14508150"]
[BlackFideId "24133795"]
[EventDate "2016.12.15"]

1. e4 c5 2. Nf3 d6 3. d4 cxd4 4. Nxd4 Nf6 5. Nc3 a6 6. Be3 e5 7. Nb3 Be6 8. f3
Nbd7 9. Qd2 Be7 10. O-O-O b5 11. g4 O-O 12. Rg1 Nb6 13. g5 Nh5 14. Nd5 Nxd5 15.
exd5 Bd7 16. Na5 Qc7 17. Kb1 f5 18. gxf6 Bxf6 19. Bd3 Nf4 20. Be4 Kh8 21. h4
Bxh4 22. Qh2 Qd8 23. Nb7 Qf6 24. Nxd6 Nh3 25. Nb7 Nxg1 26. Rxg1 Bf5 27. Bxf5
Qxf5 28. Qxh4 Qxf3 29. Rh1 Qf5 30. Nd6 Qg6 31. a3 Rf3 32. Bc1 h6 33. Qe4 Qxe4
34. Nxe4 Kg8 35. Rh5 Re8 36. b3 a5 37. d6 Kf7 38. d7 Rd8 39. Nc5 Kf6 40. Bb2 Rf5
41. Rxf5+ Kxf5 42. Bc3 h5 43. Bxa5 Rxd7 44. Nxd7 h4 45. Bc7 1-0

[Event "European Rapid 2016"]
[Site "Tallinn EST"]
[Date "2016.12.15"]
[Round "5.23"]
[White "Krutti, Valer"]
[Black "Navara, David"]
[Result "1-0"]
[WhiteTitle "IM"]
[BlackTitle "GM"]
[WhiteElo "2361"]
[BlackElo "2725"]
[WhiteFideId "706248"]
[BlackFideId "309095"]
[EventDate "2016.12.15"]

1. d4 Nf6 2. c4 e6 3. Nf3 b6 4. Nc3 Bb7 5. a3 d5 6. Bg5 Be7 7. Bxf6 Bxf6 8. cxd5
exd5 9. g3 O-O 10. Bg2 Re8 11. O-O Nd7 12. e3 Nf8 13. Rc1 a5 14. b4 axb4 15.
axb4 Ne6 16. Qb3 c6 17. Rfd1 Nc7 18. b5 c5 19. dxc5 bxc5 20. b6 Ne6 21. Nxd5 c4
22. Qb5 Kh8 23. Nb4 Qb8 24. Rxc4 Rd8 25. Rcc1 Bb2 26. Rb1 Bc3 27. Nc6 Rxd1+ 28.
Rxd1 Qe8 29. Ncd4 Qxb5 30. Nxb5 Bb4 31. Ne5 Bxg2 32. Kxg2 Ra5 33. Rd5 Bc5 34.
Nxf7+ Kg8 35. Nd8 1-0

[Event "European Rapid 2016"]
[Site "Tallinn EST"]
[Date "2016.12.15"]
[Round "5.25"]
[White "Rozhko, Dmitry"]
[Black "Movsesian, Sergei"]
[Result "0-1"]
[WhiteTitle "FM"]
[BlackTitle "GM"]
[WhiteElo "2324"]
[BlackElo "2673"]
[WhiteFideId "4150430"]
[BlackFideId "310204"]
[EventDate "2016.12.15"]

1. d4 Nf6 2. Nf3 g6 3. Bg5 Bg7 4. Nbd2 O-O 5. c3 c5 6. e3 b6 7. Bd3 Bb7 8. O-O
d6 9. Qe2 Nbd7 10. Rfd1 Qc7 11. e4 h6 12. Bh4 e6 13. Ba6 Bxa6 14. Qxa6 Nh5 15.
g4 Nf4 16. Bg3 e5 17. dxe5 dxe5 18. Nc4 Rad8 19. Ne3 Nf6 20. Bxf4 exf4 21. Nd5
Nxd5 22. exd5 Qd7 23. h3 h5 24. Nh2 hxg4 25. hxg4 Bf6 26. Qc4 g5 27. Qe4 Kg7 28.
Qf5 Rfe8 29. Qxd7 Rxd7 30. Nf3 Kg6 31. Rd2 Bg7 32. Re1 Rxe1+ 33. Nxe1 f5 34. f3
c4 35. Nc2 b5 36. a4 bxa4 37. Na3 fxg4 38. fxg4 Bf8 39. Nxc4 Bc5+ 40. Kg2 Kf6
41. Kf3 Rd8 42. Rd1 Rh8 43. d6 Ke6 44. Re1+ Kd5 45. d7 Kxc4 46. Re8 Rh3+ 47. Ke4
Bb6 48. d8=Q Bxd8 49. Rxd8 Re3+ 50. Kf5 f3 51. Kxg5 Kb3 52. Kh4 Kxb2 53. g5 a3
54. g6 a2 55. Rd2+ Kb3 56. Rd1 Kc2 57. Rf1 Kb2 58. g7 Re8 59. Rf2+ Kb3 60. Rf1
Rg8 0-1

[Event "European Rapid 2016"]
[Site "Tallinn EST"]
[Date "2016.12.15"]
[Round "5.26"]
[White "Bortnyk, Olexandr"]
[Black "Dubrovin, Robert"]
[Result "1-0"]
[WhiteTitle "GM"]
[WhiteElo "2581"]
[BlackElo "2217"]
[WhiteFideId "14120828"]
[BlackFideId "4501829"]
[EventDate "2016.12.15"]

1. e4 c6 2. c4 g6 3. d4 Bg7 4. Nc3 d6 5. Be2 Nf6 6. h4 h5 7. Bg5 Nbd7 8. Qd2 O-O
9. f3 c5 10. d5 Ne5 11. Nh3 a6 12. a4 Qa5 13. Nd1 Qxd2+ 14. Kxd2 Bd7 15. a5 b5
16. axb6 Rfb8 17. Kc2 Rxb6 18. Bd2 e6 19. Ba5 Rb7 20. Bc3 exd5 21. cxd5 Bb5 22.
Bxb5 Rxb5 23. Bxe5 dxe5 24. Nc3 Rb4 25. Ra5 Rab8 26. Rb1 R8b6 27. Rxc5 Bf8 28.
Rc8 Nd7 29. Nf2 Nc5 30. d6 Ne6 31. Nd5 Nd4+ 32. Kd1 Rxb2 33. Rxb2 Rxb2 34. d7
Ne6 35. Nd3 Rxg2 36. Nc5 1-0

[Event "European Rapid 2016"]
[Site "Tallinn EST"]
[Date "2016.12.15"]
[Round "5.27"]
[White "Naiditsch, Arkadij"]
[Black "Vorobjov, Pavel"]
[Result "1-0"]
[WhiteTitle "GM"]
[WhiteElo "2687"]
[BlackElo "2223"]
[WhiteFideId "4650891"]
[BlackFideId "4500989"]
[EventDate "2016.12.15"]

1. e4 c5 2. Nf3 Nc6 3. Bb5 e6 4. Bxc6 bxc6 5. b3 Ne7 6. Ba3 Ng6 7. d4 cxd4 8.
Bxf8 Nxf8 9. Qxd4 f6 10. e5 Ng6 11. Nbd2 fxe5 12. Nxe5 Nxe5 13. Qxe5 Qf6 14. f4
d6 15. Qxf6 gxf6 16. O-O-O d5 17. Nf3 Kf7 18. g4 h6 19. h4 e5 20. fxe5 Bxg4 21.
Rdf1 Rae8 22. Nh2 h5 23. Rxf6+ Kg7 24. Rhf1 Rxe5 25. Rf7+ Kg8 26. Rf8+ Kg7 27.
R1f7+ Kg6 28. Rf6+ Kg7 29. R8f7+ Kg8 30. Rxa7 Re1+ 31. Kb2 1-0

[Event "European Rapid 2016"]
[Site "Tallinn EST"]
[Date "2016.12.15"]
[Round "5.28"]
[White "Matlakov, Maxim"]
[Black "Shishkov, Andrei"]
[Result "1-0"]
[WhiteTitle "GM"]
[BlackTitle "FM"]
[WhiteElo "2694"]
[BlackElo "2385"]
[WhiteFideId "4168003"]
[BlackFideId "4500563"]
[EventDate "2016.12.15"]

1. d4 Nf6 2. c4 e6 3. g3 d5 4. Bg2 dxc4 5. Nf3 Nc6 6. Qa4 Bb4+ 7. Bd2 Nd5 8.
Bxb4 Nxb4 9. Nc3 Bd7 10. O-O a6 11. Ne5 b5 12. Qd1 Rb8 13. Nxd7 Qxd7 14. a3 Nd5
15. Ne4 O-O 16. Nc5 Qc8 17. e3 Rd8 18. Qc2 e5 19. dxe5 Nxe5 20. Rad1 c6 21. Rd4
Nd7 22. Bh3 Rb7 23. Nxb7 Qxb7 24. e4 N5f6 25. Rfd1 g6 26. Rd6 Qc7 27. Kg2 Kf8
28. Qc3 Ke7 29. Bxd7 Nxd7 1-0

[Event "European Rapid 2016"]
[Site "Tallinn EST"]
[Date "2016.12.15"]
[Round "5.29"]
[White "Vitiugov, Nikita"]
[Black "Soskov, Vjatsheslav"]
[Result "1-0"]
[WhiteTitle "GM"]
[BlackTitle "FM"]
[WhiteElo "2726"]
[BlackElo "2281"]
[WhiteFideId "4152956"]
[BlackFideId "4501918"]
[EventDate "2016.12.15"]

1. d4 Nf6 2. Bg5 d5 3. e3 c6 4. Nd2 Nbd7 5. Ngf3 g6 6. Bd3 Bg7 7. c3 O-O 8. Qe2
Qb6 9. Rb1 e5 10. dxe5 Ng4 11. e6 fxe6 12. O-O Nde5 13. Bc2 Qc7 14. Nxe5 Nxe5
15. Bf4 a5 16. c4 b6 17. Bg3 Qe7 18. b3 Ba6 19. Bxe5 Bxe5 20. Bd3 Bb7 21. e4 c5
22. Nf3 Bf6 23. Rfe1 Rae8 24. Qc2 Qg7 25. exd5 exd5 26. cxd5 Bxd5 27. Bc4 Qf7
28. Rbd1 Bxc4 29. bxc4 Rxe1+ 30. Rxe1 Rd8 31. h4 Re8 32. Rxe8+ Qxe8 33. Qd3 Qe6
34. g3 b5 35. cxb5 c4 36. Qb1 Qb6 37. a4 c3 38. Qb3+ Kg7 39. Qc4 Qd6 40. Kg2 Qd1
41. Qc7+ Kh6 42. g4 Bxh4 43. Qxc3 Qxa4 44. Nxh4 Qxg4+ 45. Qg3 Qe4+ 46. Nf3 Qb7
47. Qe5 Qd7 48. Kg3 Qa7 49. Nd4 Qd7 50. Ne6 Qd3+ 51. Qe3+ 1-0

[Event "European Rapid 2016"]
[Site "Tallinn EST"]
[Date "2016.12.15"]
[Round "5.30"]
[White "Antoms, Guntars"]
[Black "Turov, Maxim"]
[Result "0-1"]
[WhiteTitle "IM"]
[BlackTitle "GM"]
[WhiteElo "2349"]
[BlackElo "2594"]
[WhiteFideId "11601469"]
[BlackFideId "4120086"]
[EventDate "2016.12.15"]

1. Nf3 Nf6 2. g3 b5 3. Bg2 Bb7 4. O-O e6 5. a4 b4 6. d3 d5 7. Nbd2 Be7 8. a5 O-O
9. e4 c5 10. Qe2 dxe4 11. dxe4 Ba6 12. Nc4 Nc6 13. Re1 Nd7 14. b3 Bf6 15. e5
Ncxe5 16. Nfxe5 Nxe5 17. Bb2 Nxc4 18. Bxf6 Qxf6 19. Bxa8 Rxa8 20. bxc4 Qc3 21.
Qe5 Qxc4 22. Qc7 g6 23. h4 h5 24. Rad1 Bb5 25. Re5 Qxc2 26. Rd8+ Rxd8 27. Qxd8+
Kg7 28. Qc7 Qd1+ 29. Kh2 Qf3 30. Rxc5 Qxf2+ 31. Kh1 Be2 0-1

[Event "European Rapid 2016"]
[Site "Tallinn EST"]
[Date "2016.12.15"]
[Round "5.31"]
[White "Troyke, Christian"]
[Black "Huzman, Alexander"]
[Result "0-1"]
[WhiteTitle "IM"]
[BlackTitle "GM"]
[WhiteElo "2347"]
[BlackElo "2557"]
[WhiteFideId "4616278"]
[BlackFideId "2803828"]
[EventDate "2016.12.15"]

1. g3 c5 2. Bg2 g6 3. c4 Bg7 4. Nc3 Nh6 5. h4 Nf5 6. h5 Nc6 7. Ne4 b6 8. g4 Nh6
9. g5 Nf5 10. h6 Be5 11. Nf3 Bb7 12. e3 Qc7 13. Nxe5 Nxe5 14. d3 d5 15. cxd5
Bxd5 16. f4 Nc6 17. Kf2 O-O-O 18. a3 e5 19. b4 exf4 20. exf4 c4 21. Qg4 cxd3 22.
Bb2 Rhe8 23. Rhe1 d2 24. Re2 Bc4 25. Rxd2 Rxe4 26. Rxd8+ Qxd8 27. Bxe4 Qd2+ 28.
Kg1 Qe3+ 29. Kh2 Qxe4 30. Rc1 Kb7 31. a4 a6 32. Bf6 b5 33. a5 Nxb4 34. Rd1 Nd5
35. Be5 b4 36. Qg1 Qe2+ 37. Kh1 Qh5+ 38. Kg2 Nfe3+ 0-1

[Event "European Rapid 2016"]
[Site "Tallinn EST"]
[Date "2016.12.15"]
[Round "5.32"]
[White "Lavendelis, Egons"]
[Black "Piorun, Kacper"]
[Result "1/2-1/2"]
[WhiteTitle "FM"]
[BlackTitle "GM"]
[WhiteElo "2271"]
[BlackElo "2657"]
[WhiteFideId "11601647"]
[BlackFideId "1130420"]
[EventDate "2016.12.15"]

1. e4 e6 2. f4 d5 3. e5 c5 4. Nf3 Nc6 5. c3 Nh6 6. Na3 Nf5 7. Bd3 Be7 8. Nc2 Qb6
9. Bxf5 exf5 10. d4 Be6 11. Rb1 Qa5 12. a3 c4 13. O-O h6 14. Ne3 b5 15. Ne1 g6
16. Qf3 Qd8 17. h3 Qd7 18. N1c2 a5 19. Bd2 Rc8 20. g4 Bd8 21. gxf5 gxf5 22. Qh5
Ne7 23. Kh2 Ng6 24. Rf3 Be7 25. Nf1 Kd8 26. Ng3 Kc7 27. Ne3 Nh4 28. Rff1 a4 29.
Be1 Rcg8 30. Ne2 Ng6 31. Ng3 Bg5 32. Ne2 Bd8 33. Ng3 Ne7 34. Rg1 Rg6 35. Bf2
Rhg8 36. Ne2 Rh8 37. Bh4 Rxg1 1/2-1/2

[Event "European Rapid 2016"]
[Site "Tallinn EST"]
[Date "2016.12.15"]
[Round "5.33"]
[White "Kazakovskiy, Valeriy"]
[Black "Grandelius, Nils"]
[Result "0-1"]
[WhiteTitle "IM"]
[BlackTitle "GM"]
[WhiteElo "2430"]
[BlackElo "2643"]
[WhiteFideId "13507443"]
[BlackFideId "1710400"]
[EventDate "2016.12.15"]

1. Nf3 d5 2. d4 Nf6 3. c4 e6 4. g3 Bb4+ 5. Bd2 Bd6 6. Nc3 O-O 7. Qc2 Nc6 8. Bg2
dxc4 9. O-O e5 10. dxe5 Nxe5 11. Bg5 h6 12. Nxe5 Bxe5 13. Rfd1 Qe8 14. Bxf6 Bxf6
15. Nd5 Be5 16. Ne3 Rb8 17. Nxc4 Bf6 18. Rac1 Be6 19. Bd5 Bh3 20. Bg2 Bxg2 21.
Kxg2 Qc6+ 22. f3 Rfd8 23. b3 Qc5 24. Nd2 Qxc2 25. Rxc2 Rd7 26. Rdc1 c6 27. Ne4
Be7 28. Nf2 Ba3 29. Rb1 a5 30. Nd3 Rd4 31. Ne5 Ra8 32. Nd3 Kf8 33. Kf2 Ke7 34.
Ke3 Rd5 35. Rc4 Bd6 36. Rbc1 Rh5 37. Re4+ Kf8 38. Rd4 Re8+ 39. Kf2 Rxh2+ 40. Kg1
Bxg3 41. Rg4 Bc7 42. e4 Rxa2 43. Rg2 Rxg2+ 44. Kxg2 Rd8 45. Rc3 Bb6 46. Kf1 Rd6
47. Ke2 Rg6 48. Ne5 Rg2+ 49. Kd3 Ke7 50. Nc4 Bc7 51. Ne3 Rf2 52. Nf5+ Kf6 53.
Ke3 Bb6+ 54. Kf4 g6 55. Nxh6 Rd2 56. Ng4+ Ke6 57. Kg5 f5 58. exf5+ gxf5 59. Nh6
Rg2+ 60. Kh5 Ke5 0-1

[Event "European Rapid 2016"]
[Site "Tallinn EST"]
[Date "2016.12.15"]
[Round "5.34"]
[White "Chigaev, Maksim"]
[Black "Shvayger, Yuliya"]
[Result "1-0"]
[WhiteTitle "GM"]
[BlackTitle "WIM"]
[WhiteElo "2531"]
[BlackElo "2419"]
[WhiteFideId "4108116"]
[BlackFideId "14100126"]
[EventDate "2016.12.15"]

1. e4 c5 2. Nf3 Nc6 3. Bb5 g6 4. Bxc6 bxc6 5. O-O Bg7 6. Re1 Nh6 7. c3 O-O 8. h3
f5 9. e5 Nf7 10. d3 Ba6 11. c4 d6 12. e6 Ne5 13. Nxe5 dxe5 14. Nc3 Qd6 15. Na4
Bc8 16. b3 Bxe6 17. Ba3 Bf7 18. Nxc5 Rfd8 19. Qc1 Qc7 20. Bb2 Qb6 21. Na4 Qb8
22. Qe3 e4 23. dxe4 Bxb2 24. Nxb2 f4 25. Qc5 Rd2 26. Na4 Qc7 27. e5 Be6 28. Nc3
Rad8 29. Ne4 Rc2 30. Ng5 Bf5 31. Nf3 Rd5 32. Qb4 c5 33. Qa3 Rd8 34. Rac1 Rxc1
35. Qxc1 Qa5 36. Re2 Bd3 37. Rd2 Be4 38. Rxd8+ Qxd8 39. Qxf4 Qd1+ 40. Kh2 Qe2
41. e6 Bxf3 42. Qf7+ 1-0

[Event "European Rapid 2016"]
[Site "Tallinn EST"]
[Date "2016.12.15"]
[Round "5.35"]
[White "Vlassow, Valentin"]
[Black "Zvjaginsev, Vadim"]
[Result "0-1"]
[WhiteTitle "FM"]
[BlackTitle "GM"]
[WhiteElo "2248"]
[BlackElo "2679"]
[WhiteFideId "4164008"]
[BlackFideId "4113403"]
[EventDate "2016.12.15"]

1. d4 g6 2. e4 Bg7 3. Nf3 c5 4. c3 cxd4 5. cxd4 d5 6. e5 a6 7. h3 Nc6 8. Nc3 f6
9. exf6 Nxf6 10. Bd3 O-O 11. O-O Nh5 12. Bc2 e6 13. Re1 Bd7 14. Bg5 Qc7 15. Rc1
Rf7 16. Bb3 Kh8 17. Nxd5 exd5 18. Bxd5 Rff8 19. Be7 Rf4 20. Ng5 Bxd4 21. Nf7+
Kg7 22. Bd6 Qb6 23. Bxf4 Nxf4 24. Qf3 Bxf2+ 25. Qxf2 Qxf2+ 26. Kxf2 Nxd5 27. Ne5
Nxe5 28. Rxe5 Bc6 29. Kg1 Nf4 30. Rf1 Nxg2 31. Re7+ Kh6 32. Rff7 Rh8 33. Rf6 Nh4
34. Kf2 Kg5 35. Rff7 h5 36. Re5+ Nf5 37. Rc5 Rd8 38. Rc2 Rd3 0-1

[Event "European Rapid 2016"]
[Site "Tallinn EST"]
[Date "2016.12.15"]
[Round "5.36"]
[White "Tregubov, Pavel V."]
[Black "Hartikainen, Markku"]
[Result "1-0"]
[WhiteTitle "GM"]
[BlackTitle "FM"]
[WhiteElo "2585"]
[BlackElo "2300"]
[WhiteFideId "4115341"]
[BlackFideId "501417"]
[EventDate "2016.12.15"]

1. d4 Nf6 2. c4 g6 3. Nc3 Bg7 4. e4 d6 5. Bg5 O-O 6. Qd2 c5 7. d5 e6 8. Bd3 exd5
9. Nxd5 Be6 10. Ne2 Bxd5 11. exd5 Nbd7 12. O-O Ne5 13. Nc3 Qa5 14. Be2 Qb4 15.
Qf4 Qxb2 16. Rfc1 Nh5 17. Qh4 f6 18. Be3 f5 19. Rab1 Qa3 20. Bxh5 gxh5 21. Rxb7
f4 22. Bd2 Rab8 23. Rxb8 Rxb8 24. Qxf4 Nd3 25. Qxd6 Rf8 26. Rb1 Nxf2 27. Rb8 Ng4
28. Qe6+ Kh8 29. Rxf8+ Bxf8 30. Nb5 1-0

[Event "European Rapid 2016"]
[Site "Tallinn EST"]
[Date "2016.12.15"]
[Round "5.37"]
[White "Reprintsev, Alexander"]
[Black "Cvitan, Ognjen"]
[Result "1/2-1/2"]
[WhiteTitle "IM"]
[BlackTitle "GM"]
[WhiteElo "2321"]
[BlackElo "2491"]
[WhiteFideId "14100541"]
[BlackFideId "14500086"]
[EventDate "2016.12.15"]

1. e4 c5 2. b3 Nc6 3. Bb2 d6 4. f4 Nf6 5. Qf3 e5 6. Bb5 Bd7 7. Ne2 Be7 8. O-O
O-O 9. Bxc6 Bxc6 10. d3 d5 11. Ng3 dxe4 12. dxe4 Nxe4 13. Nxe4 f5 14. Bxe5 fxe4
15. Qc3 Bf6 16. Bxf6 Qxf6 17. Qxf6 Rxf6 18. Nc3 Rd8 19. Rad1 Rxd1 20. Nxd1 Rd6
21. Ne3 Rd2 22. Rf2 Rd4 23. Kf1 a5 24. Ke1 a4 25. Rd2 axb3 26. axb3 Kf7 27. c3
Rxd2 28. Kxd2 Ke6 29. Nd1 Kf5 30. Ke3 g5 31. fxg5 Kxg5 32. Nf2 Kf5 33. g4+ Ke5
34. h3 b5 35. b4 cxb4 36. cxb4 h6 37. Nh1 Kd5 38. Ng3 Kc4 39. Nf5 Kxb4 40. Nxh6
Kc3 41. Nf5 b4 42. Nd4 b3 43. Nxb3 Kxb3 44. h4 Bd7 45. g5 Bf5 46. h5 Kc4 47. Kf4
Kd3 48. Kxf5 e3 49. Ke5 1/2-1/2

[Event "European Rapid 2016"]
[Site "Tallinn EST"]
[Date "2016.12.15"]
[Round "5.38"]
[White "Agrest, Evgenij"]
[Black "Kononenko, Dmitry2"]
[Result "0-1"]
[WhiteTitle "GM"]
[BlackTitle "FM"]
[WhiteElo "2593"]
[BlackElo "2280"]
[WhiteFideId "1705024"]
[BlackFideId "14113538"]
[EventDate "2016.12.15"]

1. c4 c5 2. Nf3 Nf6 3. Nc3 Nc6 4. d4 cxd4 5. Nxd4 g6 6. Nc2 Bg7 7. g3 d6 8. Bg2
Bd7 9. O-O Qc8 10. b3 Bh3 11. e4 Bxg2 12. Kxg2 O-O 13. Bd2 a6 14. Qe2 Rb8 15.
Rac1 Qd7 16. a4 Nd8 17. Rfd1 Ne6 18. f3 Nc5 19. Rb1 b6 20. Be1 Qb7 21. Ne3 Rfe8
22. b4 Ne6 23. Ned5 Nd7 24. Bf2 Qc6 25. b5 axb5 26. cxb5 Qb7 27. Na2 Nec5 28.
Qc2 Ra8 29. Rb4 Ne5 30. Bd4 Rec8 31. Nac3 e6 32. Ne3 f5 33. Qb1 fxe4 34. Nxe4
Nxe4 35. Qxe4 d5 36. Qb1 Rf8 37. Bxe5 Bxe5 38. Ng4 Bg7 39. Qd3 Rac8 40. Qe2 Rfe8
41. Ne5 Bxe5 42. Qxe5 Rc2+ 43. Kh3 Qg7 44. Qxg7+ Kxg7 45. Rbd4 Kf6 46. R1d2 Rec8
47. g4 R8c3 48. Kg3 g5 49. Rxc2 Rxc2 50. a5 bxa5 51. Ra4 Rb2 52. Rxa5 Ke5 53.
Ra7 h6 54. Rb7 d4 55. b6 Kd6 56. Rb8 Kc6 57. Rh8 Rxb6 58. Rxh6 Kd5 59. Rg6 d3
60. Kf2 Kd4 61. Rxg5 Rb2+ 62. Ke1 Rxh2 63. Ra5 Rh1+ 64. Kd2 Rh2+ 65. Kd1 Rf2 66.
Ra4+ Kc3 67. Ra3+ Kc4 68. Ra4+ Kb3 69. Ra6 e5 70. Ra5 Kc3 71. Ra3+ Kc4 72. Ra4+
Kb3 73. Ra5 e4 74. fxe4 Kc3 75. Ra3+ Kd4 76. e5 Ke3 77. Kc1 Rc2+ 78. Kd1 Rg2 79.
Kc1 Rxg4 80. e6 Re4 81. Kd1 Rh4 82. Kc1 Ke2 83. Ra2+ Ke1 84. e7 Rc4+ 85. Kb1 Re4
86. Rh2 Rxe7 87. Kb2 Re2+ 0-1

[Event "European Rapid 2016"]
[Site "Tallinn EST"]
[Date "2016.12.15"]
[Round "5.39"]
[White "Kantans, Toms"]
[Black "Timerkhanov, Alexander"]
[Result "0-1"]
[WhiteTitle "IM"]
[BlackTitle "FM"]
[WhiteElo "2454"]
[BlackElo "2360"]
[WhiteFideId "11602945"]
[BlackFideId "24177938"]
[EventDate "2016.12.15"]

1. e4 c5 2. Nf3 d6 3. Bb5+ Nd7 4. d4 Nf6 5. Nc3 cxd4 6. Qxd4 a6 7. Ba4 b5 8. Bb3
e6 9. O-O Be7 10. a4 Rb8 11. axb5 axb5 12. e5 dxe5 13. Nxe5 Bc5 14. Qf4 Bd6 15.
Nxf7 Bxf4 16. Nxd8 Bxc1 17. Nc6 Bxb2 18. Nxb8 Bxc3 19. Ra8 Nb6 20. Ra7 O-O 21.
Rd1 Nfd5 22. Nc6 Nc4 23. Nd4 Nb2 0-1

[Event "European Rapid 2016"]
[Site "Tallinn EST"]
[Date "2016.12.15"]
[Round "5.40"]
[White "Kukk, Sander"]
[Black "Jovanovic, Zoran"]
[Result "1-0"]
[BlackTitle "GM"]
[WhiteElo "2178"]
[BlackElo "2534"]
[WhiteFideId "4502094"]
[BlackFideId "14505320"]
[EventDate "2016.12.15"]

1. b3 e5 2. Bb2 d6 3. e3 g6 4. f4 Bg7 5. Nf3 Nd7 6. Bc4 Nh6 7. O-O O-O 8. fxe5
Nxe5 9. Nxe5 dxe5 10. e4 c6 11. a4 Qh4 12. Qe1 Qg5 13. d3 b6 14. Ba3 Re8 15. Bc1
Qd8 16. Bxh6 Bxh6 17. Bxf7+ Kg7 18. Bxe8 Qxe8 19. Nd2 Qe7 20. Nc4 b5 21. Ne3 Qc5
22. Rf3 Bg4 23. Rg3 Bf4 24. Rxg4 Bxe3+ 25. Kh1 h5 26. b4 Qxc2 27. Rxg6+ Kxg6 28.
Qxe3 Rf8 29. axb5 h4 30. Rc1 Qf2 31. Rxc6+ Kg7 32. Qh6+ Kg8 33. Rg6+ Kf7 34.
Rg7+ 1-0

[Event "European Rapid 2016"]
[Site "Tallinn EST"]
[Date "2016.12.15"]
[Round "6.2"]
[White "Mamedov, Rauf"]
[Black "Rakhmanov, Aleksandr"]
[Result "1/2-1/2"]
[WhiteTitle "GM"]
[BlackTitle "GM"]
[WhiteElo "2688"]
[BlackElo "2667"]
[WhiteFideId "13401653"]
[BlackFideId "4173708"]
[EventDate "2016.12.15"]

1. e4 c5 2. Nf3 Nf6 3. Nc3 d5 4. exd5 Nxd5 5. Bb5+ Bd7 6. Bc4 Nb6 7. Be2 Nc6 8.
d4 cxd4 9. Nxd4 Bh3 10. Ndb5 Bxg2 11. Rg1 Bh3 12. Be3 Nd7 13. Nd5 Rc8 14. Bf4
Nde5 15. Rg3 Be6 16. c4 g6 17. Qa4 Bg7 18. Nxa7 Ra8 19. Nxc6 Rxa4 20. Nxd8 Bxd5
21. b3 Nf3+ 22. Bxf3 Bxf3 23. bxa4 Bxa1 24. Nxf7 Rf8 25. Rxf3 Rxf7 26. Ke2 Rf5
27. Bd2 Rc5 28. Kd3 Be5 29. h3 Bd6 30. Bb4 Rh5 31. Bxd6 exd6 32. Kd4 Kd7 33. Kc3
Kc6 34. Kb4 Rh4 35. a5 Rh5 36. Ra3 Kc7 37. Rf3 Kc6 38. a4 Kc7 39. Rf7+ Kc6 40.
Rf6 Kc7 41. Rf3 Kc6 42. Rf6 Kc7 43. c5 dxc5+ 44. Kb5 c4+ 45. Kxc4 Rxh3 46. Rf7+
Kb8 47. Kb5 Ka7 48. f4 Rh5+ 49. Kb4 Rf5 50. Rxh7 Rxf4+ 51. Kb5 Rf5+ 52. Kb4 Ka6
53. Rg7 Rf4+ 54. Kc5 g5 55. Rg8 Rf5+ 56. Kb4 Ka7 57. Rg7 Rf4+ 58. Kb5 Rf5+ 59.
Kb4 Re5 60. Rg8 Re4+ 61. Kb5 Rg4 62. Rg7 Rg1 63. a6 Rb1+ 64. Ka5 Rb6 65. axb7
Ra6+ 66. Kb5 Rb6+ 67. Kc5 Rxb7 1/2-1/2

[Event "European Rapid 2016"]
[Site "Tallinn EST"]
[Date "2016.12.15"]
[Round "6.4"]
[White "Wojtaszek, Radoslaw"]
[Black "Andriasian, Zaven"]
[Result "1-0"]
[WhiteTitle "GM"]
[BlackTitle "GM"]
[WhiteElo "2749"]
[BlackElo "2621"]
[WhiteFideId "1118358"]
[BlackFideId "13302000"]
[EventDate "2016.12.15"]

1. d4 d5 2. c4 c6 3. Nf3 Nf6 4. e3 Bg4 5. h3 Bxf3 6. Qxf3 e6 7. Nc3 Nbd7 8. a3
Bd6 9. cxd5 cxd5 10. g4 Rc8 11. g5 Ng8 12. h4 Ne7 13. Bd3 Qb6 14. Qg4 e5 15. Bd2
a6 16. b4 Qd8 17. h5 Nb6 18. Rc1 Qd7 19. Qxd7+ Kxd7 20. dxe5 Bxe5 21. f4 Bd6 22.
Ke2 h6 23. gxh6 gxh6 24. e4 Rhg8 25. e5 Rg2+ 26. Kd1 Bb8 27. Bf1 Rg3 28. Bh3+
Rxh3 29. Rxh3 Nf5 30. Be3 Nc4 31. Bc5 Ke6 32. Ke2 b6 33. Bf2 b5 34. Bc5 f6 35.
exf6 d4 36. Ne4 Kd5 37. Nf2 Bxf4 38. Rd1 Bg5 39. f7 Ncd6 40. Rf3 Be7 41. Ng4 Rf8
42. Ne3+ Nxe3 43. Rxd4+ Kc6 44. Rxe3 Rxf7 45. Re6 1-0

[Event "European Rapid 2016"]
[Site "Tallinn EST"]
[Date "2016.12.15"]
[Round "6.5"]
[White "Anton Guijarro, David"]
[Black "Leko, Peter"]
[Result "1/2-1/2"]
[WhiteTitle "GM"]
[BlackTitle "GM"]
[WhiteElo "2650"]
[BlackElo "2693"]
[WhiteFideId "2285525"]
[BlackFideId "703303"]
[EventDate "2016.12.15"]

1. d4 Nf6 2. c4 e6 3. Nf3 d5 4. e3 Be7 5. b3 O-O 6. Bd3 b6 7. O-O Bb7 8. Bb2 c5
9. dxc5 dxc4 10. Bxc4 Bxc5 11. Qe2 Qe7 12. a3 Nbd7 13. Nbd2 a5 14. Bd3 Rfd8 15.
Rfd1 Nf8 16. Nc4 Ng6 17. Rab1 Bd5 18. a4 Rac8 19. Rbc1 Bb7 20. h3 Bd5 21. Bb1 1/2-1/2

[Event "European Rapid 2016"]
[Site "Tallinn EST"]
[Date "2016.12.15"]
[Round "6.6"]
[White "Vallejo Pons, Francisco"]
[Black "Kobalia, Mikhail"]
[Result "1/2-1/2"]
[WhiteTitle "GM"]
[BlackTitle "GM"]
[WhiteElo "2711"]
[BlackElo "2628"]
[WhiteFideId "2205530"]
[BlackFideId "4119150"]
[EventDate "2016.12.15"]

1. d4 d5 2. c4 c6 3. cxd5 cxd5 4. Nc3 e6 5. Bf4 Nc6 6. e3 Bd6 7. Bxd6 Qxd6 8.
Nf3 Nge7 9. Bd3 Bd7 10. O-O O-O 11. Nb5 Qb8 12. Qd2 f6 13. Rac1 Be8 14. Nc3 Bh5
15. Be2 Qd6 16. Rfd1 1/2-1/2